• 首页
  • 本馆介绍
  • 公告通知
  • 最新文献
  • 馆藏检索
  • 电子资源
  • 读者导购
  • 参考咨询
  • 我的图书馆
  • 登录
  • 详细信息显示
  • 放入我的书架
  • 预约/预借图书
  • 作者相关作品
  • 分类相关作品
  • 丛书相关作品
  • 出版社相关作品

书目信息

  • 表格格式
  • 工作单格式
  • 卡片格式
题名:
生物钟
    
 
作者: 皮尔兹 , Van Berer , Piltz , 范贝弗 著 ;王树凯 , 刘锦城 译
分册:  
出版信息: 北京   科学出版社  1979
页数: 100页
开本: 19cm
丛书名:
单 册:
中图分类: Q811.213
科图分类:
主题词: 仿生
电子资源:
ISBN:
000 00894nam0 2200313 45
001 0179003016
005 20060820093841.09
010    @dCNY0.25
091    @a13031.987
100    @a19950727d1979 em y0chiy0121 ea
101 1  @achi@ceng
102    @aCN@b110000
105    @ay z 000yy
200 10 @a生物钟@Asheng wu zhong@f(美)皮尔兹(A.Piltz),(美)范贝弗(R.Van Berer)著@g王树凯,刘锦城译
210    @a北京@c科学出版社@d1979
215    @a100页@d19cm
300    @a书名原文:Time without clocks
510 1  @aTime without clocks@zeng
606    @a仿生
610 0  @a生物钟
690    @aQ811.213@v3
701  1 @a皮尔兹@Api er zi@bA.@4著
701 A1 @aVan Berer@bR.@4著
701 A1 @aPiltz@bA.@4著
701  1 @a范贝弗@Afan bei fu@bR.@4著
702  0 @a王树凯@Awang shu kai@4译
702  0 @a刘锦城@Aliu jin cheng@4译
801  0 @aCN@bTSSF@c20060820
905    @a10447@dQ811.213@e73
    
    生物钟/(美)皮尔兹(A.Piltz),(美)范贝弗(R.Van Berer)著/王树凯,刘锦城译.-北京:科学出版社,1979
    100页;19cm
    书名原文:Time without clocks
    
    ISBN :CNY0.25
    
●
相关链接 在E读中查询图书 在五车中查询图书 在当当中查询图书 在豆瓣中查询图书


正题名:生物钟     索取号:Q811.213/73         预约/预借

序号 登录号 条形码 馆藏地/架位号 状态 备注
1 0014529   000562581   第二样本阅览室/ [索取号:Q811.213/73] 在馆    
2 0458386   204583860   密集书库/ [索取号:Q811.213/73] 在馆    
3 0470302   204703026   密集书库/ [索取号:Q811.213/73] 在馆    
唐山师范学院图书馆 欢迎您!
大连网信软件有限公司© 版权所有